Fruta - Statistics

Estatísticas Gerais
  • Esse quiz foi jogado 157 vezes
  • A pontuação média é 13 de 15
Estatísticas das Respostas
Hint Resposta % Correto
Fruto da framboeseira Framboesa
99%
É o pseudofruto pomáceo da macieira Maçã
99%
É o fruto comestível da ameixeira Ameixa
98%
É o fruto da laranjeira Laranja
98%
É o fruto do limoeiro Limão
98%
É o fruto do maracujazeiro Maracujá
98%
É considerado, na linguagem vulgar, como o fruto vermelho do morangueiro Morango
98%
É o fruto comestível da pereira Pêra
98%
É utilizada frequentemente para produzir sumo, doce (geleia), vinho e passas Uva
98%
É o fruto da romãzeira Romã
97%
É o fruto da figueira-comum Figo
93%
É a baga vermelha da groselheira Groselha
88%
É uma fruta cítrica de cor alaranjada e sabor adocicado Tangerina
59%
É uma planta arbustiva, o fruto é uma baga que quando maduro adquire a coloração azul arroxeada, de tamanho pequeno, de sabor doce-ácido Mirtilo
56%
É um símbolo das regiões tropicais e subtropicais Ananás
22%
Nenhum quiz correspondente encontrado
Distribuição das Pontuações
Porcentagem de Pessoas com Cada Pontuação
Percentil de Números Respondidos
Sua Pontuação Histórica
Você não jogou esse quiz